[Event "PRVA LIGA CENTRALNE SRBIJE 2014"]
[Site "Kraljevo"]
[Date "2014.09.17"]
[Round "7.1"]
[White "Panic, Nenad"]
[Black "Manic, Jovica"]
[Result "1/2-1/2"]
[WhiteElo "2346"]
[BlackElo "2254"]
[PlyCount "21"]
[EventDate "2014.09.13"]

1. c4 c5 2. Nc3 Nc6 3. g3 g6 4. Bg2 Bg7 5. Nf3 Nf6 6. O-O O-O 7. d4 cxd4 8.
Nxd4 Nxd4 9. Qxd4 d6 10. Qh4 a6 11. Bh6 1/2-1/2

[Event "PRVA LIGA CENTRALNE SRBIJE 2014"]
[Site "Kraljevo"]
[Date "2014.09.17"]
[Round "7.2"]
[White "Marjanovic, Slavoljub"]
[Black "Parligras, Mircea-Emilian"]
[Result "1-0"]
[WhiteElo "2473"]
[BlackElo "2578"]
[PlyCount "65"]
[EventDate "2014.09.13"]

1. e4 c5 2. Nf3 d6 3. d4 cxd4 4. Nxd4 Nf6 5. Nc3 a6 6. Be2 Nbd7 7. a4 b6 8. f4
Bb7 9. Bf3 e6 10. O-O Rc8 11. Kh1 Nc5 12. Qe1 Be7 13. Bd2 O-O 14. Rd1 d5 15. e5
Nfe4 16. f5 Bh4 17. g3 Bg5 18. Bf4 Nxc3 19. bxc3 Qe7 20. Bg4 Kh8 21. Qe3 Bxf4
22. Rxf4 exf5 23. Bxf5 Rce8 24. Rh4 Qxe5 25. Rxh7+ Kg8 26. Qg5 Qf6 27. Qh5 g6
28. Qh6 Re5 29. Rf1 Rfe8 30. Rf4 Re1+ 31. Kg2 R8e2+ 32. Kh3 Qe5 33. Rh4 1-0

[Event "PRVA LIGA CENTRALNE SRBIJE 2014"]
[Site "Kraljevo"]
[Date "2014.09.17"]
[Round "7.2"]
[White "Maksimovic, Branimir"]
[Black "Radovanovic, Dusan"]
[Result "1-0"]
[WhiteElo "2384"]
[BlackElo "2394"]
[PlyCount "59"]
[EventDate "2014.09.13"]

1. d4 Nf6 2. c4 e6 3. Nc3 Bb4 4. e3 O-O 5. Bd3 d5 6. a3 Bxc3+ 7. bxc3 c5 8.
cxd5 exd5 9. Ne2 Re8 10. f3 b6 11. O-O Ba6 12. Ng3 Bxd3 13. Qxd3 cxd4 14. cxd4
Nc6 15. Bb2 Rc8 16. Rad1 b5 17. e4 Qb6 18. Kh1 Na5 19. e5 Nd7 20. f4 Qc6 21. f5
Qc2 22. Qxb5 Nc4 23. Bc1 Ndb6 24. Qb4 Na4 25. Qb7 Nc3 26. Rde1 Rb8 27. Qd7 Qa4
28. Qxa4 Nxa4 29. f6 Rb3 30. Nf5 1-0

[Event "PRVA LIGA CENTRALNE SRBIJE 2014"]
[Site "Kraljevo"]
[Date "2014.09.17"]
[Round "7.2"]
[White "Marcetic, Nikola"]
[Black "Bojkovic, Slobodan"]
[Result "1-0"]
[WhiteElo "2389"]
[BlackElo "2216"]
[PlyCount "53"]
[EventDate "2014.09.13"]

1. d4 d5 2. Nf3 Nf6 3. c4 c6 4. e3 g6 5. Nc3 Bg7 6. h3 O-O 7. Bd3 e6 8. O-O
Nbd7 9. Qe2 c5 10. Rd1 Qe7 11. b3 b6 12. Ba3 Bb7 13. cxd5 exd5 14. Rac1 Rfc8
15. Bb5 Bf8 16. Na4 a6 17. Bxd7 Nxd7 18. dxc5 bxc5 19. Qd2 Qe6 20. Bb2 Be7 21.
Ne1 Nb6 22. Nxc5 Bxc5 23. Rxc5 Rf8 24. Rc7 Rab8 25. Qd4 f6 26. Nf3 Na8 27. Rxh7
1-0

[Event "PRVA LIGA CENTRALNE SRBIJE 2014"]
[Site "Kraljevo"]
[Date "2014.09.17"]
[Round "7.2"]
[White "Zivkovic, Ivan B"]
[Black "Perunovic, Ljubivoje"]
[Result "1-0"]
[WhiteElo "2325"]
[BlackElo "1915"]
[PlyCount "45"]
[EventDate "2014.09.13"]

1. e4 g6 2. d4 c6 3. Nc3 d5 4. h3 Bg7 5. Nf3 dxe4 6. Nxe4 Nd7 7. Bc4 Ngf6 8.
Neg5 Nd5 9. O-O N7f6 10. Ne5 O-O 11. Re1 h6 12. Ngf3 Be6 13. Nxg6 fxg6 14. Rxe6
Kh7 15. Bd3 Nc7 16. Re1 Nfd5 17. Nh4 Rf6 18. Qg4 Qd6 19. c4 Nb4 20. c5 Qd5 21.
Bxg6+ Kh8 22. Be4 Qf7 23. Ng6+ 1-0

[Event "PRVA LIGA CENTRALNE SRBIJE 2014"]
[Site "Kraljevo"]
[Date "2014.09.17"]
[Round "7.3"]
[White "Iordachescu, Viorel"]
[Black "Stojanovski, Dejan"]
[Result "1-0"]
[WhiteElo "2603"]
[BlackElo "2442"]
[PlyCount "113"]
[EventDate "2014.09.13"]

1. e4 c5 2. Nf3 Nc6 3. Bb5 g6 4. Bxc6 bxc6 5. O-O Bg7 6. Re1 f6 7. c3 Nh6 8. d4
cxd4 9. cxd4 Nf7 10. Nc3 O-O 11. b3 d6 12. h3 Rb8 13. Bb2 Qa5 14. Qc2 Ba6 15.
Ne2 Rfc8 16. Bc3 Qb5 17. e5 fxe5 18. dxe5 Nxe5 19. Bxe5 Bxe5 20. Nfd4 Bxd4 21.
Nxd4 Qc5 22. Qxc5 dxc5 23. Ne6 c4 24. Nc5 Bb5 25. Rxe7 cxb3 26. axb3 Re8 27.
Raxa7 Rxe7 28. Rxe7 Ra8 29. g4 Ra1+ 30. Kg2 Rc1 31. Ne4 Rb1 32. Nf6+ Kf8 33.
Rxh7 Bf1+ 34. Kg1 Bxh3+ 35. Kh2 Bf1 36. Rb7 Bb5 37. f4 Rxb3 38. Nd7+ Kg8 39.
Ne5 g5 40. fxg5 Re3 41. Ng6 Re6 42. Nf4 Rd6 43. Kg3 Bd3 44. Rc7 Bg6 45. Nh5 Kf8
46. Nf6 Re6 47. Kf4 Re7 48. Rxc6 Kf7 49. Nd5 Rd7 50. Nf6 Rd1 51. Nh5 Rf1+ 52.
Kg3 Bd3 53. Nf4 Be4 54. g6+ Kg8 55. Rc4 Rg1+ 56. Kh4 Bf3 57. Ne6 1-0

[Event "PRVA LIGA CENTRALNE SRBIJE 2014"]
[Site "Kraljevo"]
[Date "2014.09.17"]
[Round "7.3"]
[White "Djukic, Zeljko"]
[Black "Milanovic, Danilo"]
[Result "1/2-1/2"]
[WhiteElo "2367"]
[BlackElo "2481"]
[PlyCount "101"]
[EventDate "2014.09.13"]

1. d4 Nf6 2. c4 c5 3. d5 b5 4. cxb5 a6 5. bxa6 g6 6. Nc3 Bg7 7. e4 O-O 8. Nf3
Qa5 9. Bd2 Bxa6 10. Bxa6 Qxa6 11. Qe2 e6 12. Qxa6 Nxa6 13. dxe6 fxe6 14. O-O
Rfb8 15. b3 Nb4 16. Bf4 Rb7 17. Bd6 Ng4 18. Rac1 Nd3 19. Na4 Nxc1 20. Rxc1 Rxa4
21. bxa4 Bh6 22. Re1 c4 23. h3 Nf6 24. g4 Ne8 25. Be5 Bg7 26. Bxg7 Kxg7 27. e5
Kf8 28. Rc1 Rb4 29. a5 d5 30. exd6 Nxd6 31. Ne5 Rb5 32. Nxc4 Rc5 33. a6 Rxc4
34. Rxc4 Nxc4 35. a7 Nb6 36. Kg2 Ke7 37. Kf3 Kd6 38. Ke4 Na8 39. h4 Nc7 40. h5
e5 41. hxg6 hxg6 42. a4 Ke6 43. f4 exf4 44. Kxf4 Kf6 45. g5+ Ke6 46. Ke4 Kd6
47. Kd4 Ne6+ 48. Kc4 Nc7 49. Kd4 Na8 50. Ke4 Ke6 51. Kd4 1/2-1/2

[Event "PRVA LIGA CENTRALNE SRBIJE 2014"]
[Site "Kraljevo"]
[Date "2014.09.17"]
[Round "7.3"]
[White "Kostic, Vladimir G"]
[Black "Ilic, Zoran S"]
[Result "1/2-1/2"]
[WhiteElo "2399"]
[BlackElo "2289"]
[PlyCount "27"]
[EventDate "2014.09.13"]

1. e4 c5 2. c3 d5 3. exd5 Qxd5 4. d4 Nf6 5. Nf3 e6 6. Bd3 Nc6 7. O-O cxd4 8.
cxd4 Be7 9. Nc3 Qd6 10. Be3 O-O 11. Rc1 Nb4 12. Bb1 b6 13. a3 Nbd5 14. Ne4
1/2-1/2

[Event "PRVA LIGA CENTRALNE SRBIJE 2014"]
[Site "Kraljevo"]
[Date "2014.09.17"]
[Round "7.3"]
[White "Mitrovic, Darko R"]
[Black "Bozic, Milan"]
[Result "0-1"]
[WhiteElo "2263"]
[BlackElo "2412"]
[PlyCount "120"]
[EventDate "2014.09.13"]

1. d4 d6 2. c4 c6 3. Nc3 Nf6 4. e4 e5 5. f3 Be7 6. Be3 Nbd7 7. Bd3 exd4 8. Bxd4
Nc5 9. Nge2 h5 10. O-O h4 11. Rc1 Nh5 12. Bb1 Ne6 13. Be3 g5 14. Qd2 Bf6 15.
Rcd1 Be5 16. c5 dxc5 17. Qxd8+ Nxd8 18. Bxg5 Ne6 19. Bxh4 Nhf4 20. Bg3 Nxe2+
21. Nxe2 Bxb2 22. Rd2 Bg7 23. Rfd1 Nd4 24. Nxd4 cxd4 25. e5 Bf8 26. Be4 c5 27.
Rb2 Rh6 28. Kf1 Rb6 29. Rdb1 Kd8 30. Ke2 Be6 31. a4 c4 32. Bf2 Bc5 33. Bxd4
Bxd4 34. Rd2 Rxb1 35. Rxd4+ Kc7 36. Bxb1 Kb6 37. Kd2 Ka5 38. Bc2 a6 39. f4 Rg8
40. g3 b5 41. f5 Bc8 42. axb5 axb5 43. Kc3 Re8 44. Rd5 Rh8 45. Rd2 Ba6 46. Rf2
b4+ 47. Kb2 Bb7 48. e6 f6 49. g4 Rg8 50. Rf4 c3+ 51. Kc1 Rh8 52. Rf2 Bd5 53. e7
b3 54. Bd3 Re8 55. Re2 b2+ 56. Kc2 Kb4 57. g5 Bf7 58. Kb1 Ba2+ 59. Kxa2 Ra8+
60. Kb1 Ra1+ 0-1

[Event "PRVA LIGA CENTRALNE SRBIJE 2014"]
[Site "Kraljevo"]
[Date "2014.09.17"]
[Round "7.3"]
[White "Popovic, Nenad"]
[Black "Todorovic, Nenad I"]
[Result "1-0"]
[WhiteElo "2263"]
[BlackElo "2163"]
[PlyCount "63"]
[EventDate "2014.09.13"]

1. d4 Nf6 2. c4 e6 3. Nf3 b6 4. e3 Bb7 5. Bd3 d5 6. Nbd2 Be7 7. b3 O-O 8. Qc2
h6 9. Bb2 c5 10. dxc5 Bxc5 11. Rd1 Nbd7 12. Rg1 dxc4 13. Nxc4 Qe7 14. Ke2 Rac8
15. Qb1 Nd5 16. Qa1 N7f6 17. a3 a5 18. g4 g6 19. g5 Nh5 20. Be5 hxg5 21. Nxg5
Ndf6 22. Nxf7 Rxf7 23. Bxg6 Kf8 24. Nd6 Rg7 25. Nxb7 Bxa3 26. Nd6 Rc5 27. Qxa3
Rxe5 28. Nf5 Nf4+ 29. Kf3 Rxe3+ 30. fxe3 Nxg6 31. Rd8+ Kf7 32. Nh6# 1-0

[Event "PRVA LIGA CENTRALNE SRBIJE 2014"]
[Site "Kraljevo"]
[Date "2014.09.17"]
[Round "7.4"]
[White "Petrovic, Tijana"]
[Black "Atalik, Suat"]
[Result "0-1"]
[WhiteElo "1740"]
[BlackElo "2549"]
[PlyCount "68"]
[EventDate "2014.09.13"]

1. Nf3 d5 2. d4 Nf6 3. c4 e6 4. Nc3 Nbd7 5. Bg5 Bb4 6. e3 c5 7. cxd5 exd5 8.
Bd3 c4 9. Be2 Qa5 10. Qc2 Ne4 11. Rc1 Qxa2 12. O-O Bxc3 13. bxc3 Qxc2 14. Rxc2
Nb6 15. Ra1 Bd7 16. Bf4 Ba4 17. Rcc1 Bb3 18. Ra5 f6 19. Ne1 Na4 20. Bf3 Nexc3
21. Rxa4 Nxa4 22. Bxd5 a5 23. Bxb7 Ra7 24. Bc6+ Ke7 25. Bxa4 Bxa4 26. Rxc4 Bd7
27. d5 Rc8 28. Rxc8 Bxc8 29. d6+ Ke6 30. Nc2 Rb7 31. h3 Rb1+ 32. Kh2 Rb2 33.
Nd4+ Kd5 34. Nf5 Bxf5 0-1

[Event "PRVA LIGA CENTRALNE SRBIJE 2014"]
[Site "Kraljevo"]
[Date "2014.09.17"]
[Round "7.4"]
[White "Nenezic, Marko"]
[Black "Djokic, Nebojsa"]
[Result "1/2-1/2"]
[WhiteElo "2424"]
[BlackElo "2180"]
[PlyCount "46"]
[EventDate "2014.09.13"]

1. d4 Nf6 2. c4 g6 3. Nc3 Bg7 4. e4 d6 5. Nf3 O-O 6. Be2 e5 7. O-O exd4 8. Nxd4
Nc6 9. Be3 Re8 10. f3 Nh5 11. Nxc6 bxc6 12. Qd2 c5 13. Rad1 Bb7 14. Rfe1 Be5
15. Bf1 Ng7 16. a3 a5 17. Nb5 Ne6 18. g3 Bc6 19. Rb1 Bxb5 20. cxb5 a4 21. Kg2
Bd4 22. Bh6 Bg7 23. Be3 Bd4 1/2-1/2

[Event "PRVA LIGA CENTRALNE SRBIJE 2014"]
[Site "Kraljevo"]
[Date "2014.09.17"]
[Round "7.4"]
[White "Djukic, Slobodan D"]
[Black "Marinkovic, Ivan"]
[Result "0-1"]
[WhiteElo "2195"]
[BlackElo "2448"]
[PlyCount "100"]
[EventDate "2014.09.13"]

1. e4 Nf6 2. e5 Nd5 3. d4 d6 4. c4 Nb6 5. exd6 cxd6 6. Nc3 g6 7. Be3 Bg7 8. Rc1
O-O 9. Nf3 Bg4 10. b3 d5 11. c5 Nc8 12. Be2 Nc6 13. h3 Bxf3 14. Bxf3 e6 15. O-O
N8e7 16. Qd2 Nf5 17. Ne2 Nh4 18. Bg5 Nxf3+ 19. gxf3 Qd7 20. Bh6 Bxh6 21. Qxh6
Rae8 22. Rfd1 e5 23. Kg2 e4 24. f4 Nb4 25. a3 Nd3 26. Rc3 Qf5 27. Qh4 h5 28.
Kh2 Re6 29. Rg1 Qf6 30. Qg3 Kh7 31. b4 a6 32. Qe3 Qh4 33. Rg5 Rd8 34. Rg3 Rf6
35. f3 Nxf4 36. fxe4 Nxe2 37. Qxe2 Qxe4 38. Qxe4 dxe4 39. Rc4 Re6 40. Re3 f5
41. Kg3 g5 42. Kf2 f4 43. Re1 Kg6 44. a4 g4 45. hxg4 hxg4 46. b5 axb5 47. axb5
e3+ 48. Kf1 f3 49. Rc3 Rde8 50. d5 g3 0-1

[Event "PRVA LIGA CENTRALNE SRBIJE 2014"]
[Site "Kraljevo"]
[Date "2014.09.17"]
[Round "7.4"]
[White "Pavlovic, Dejan S"]
[Black "Madjar, Stanislav"]
[Result "1-0"]
[WhiteElo "2407"]
[BlackElo "2162"]
[PlyCount "79"]
[EventDate "2014.09.13"]

1. d4 Nf6 2. Bg5 c5 3. d5 Ne4 4. Bf4 Qb6 5. Bc1 c4 6. e3 Qa5+ 7. c3 b5 8. Qd4
Nf6 9. e4 d6 10. Bg5 Nbd7 11. Nf3 g6 12. Nbd2 Bg7 13. h3 O-O 14. Qe3 Nc5 15.
Nd4 Re8 16. Be2 e6 17. dxe6 Nxe6 18. Nxe6 Rxe6 19. O-O Nxe4 20. Nxe4 d5 21. Qd2
dxe4 22. Qd5 Rb8 23. Bxc4 Qc7 24. Bb3 Re8 25. Rfe1 Qb7 26. Bf4 Qxd5 27. Bxd5
Rb6 28. Rxe4 Rxe4 29. Bxe4 Be6 30. Rd1 Bf6 31. Be3 Ra6 32. a3 h5 33. Bb7 Ra4
34. Bd5 Bf5 35. Bc5 Ra6 36. Re1 Bg4 37. Re8+ Kg7 38. Bf8+ Kh7 39. Bxf7 Bd7 40.
Rb8 1-0

[Event "PRVA LIGA CENTRALNE SRBIJE 2014"]
[Site "Kraljevo"]
[Date "2014.09.17"]
[Round "7.4"]
[White "Mickovic, Slavisa"]
[Black "Djokic, Nenad"]
[Result "0-1"]
[WhiteElo "2104"]
[BlackElo "2329"]
[PlyCount "124"]
[EventDate "2014.09.13"]

1. d4 Nf6 2. c4 e6 3. Nf3 b6 4. Nc3 Bb4 5. Qc2 Bb7 6. a3 Bxc3+ 7. Qxc3 Ne4 8.
Qc2 O-O 9. g3 h6 10. Bg2 Nf6 11. O-O Be4 12. Qc3 d6 13. b4 Nbd7 14. Bb2 Qe7 15.
Nd2 Bxg2 16. Kxg2 e5 17. d5 Rac8 18. e4 c6 19. Qd3 Rc7 20. Rac1 Rfc8 21. Nb1
Nf8 22. Nc3 Ng6 23. dxc6 Rxc6 24. Nd5 Nxd5 25. exd5 R6c7 26. Rc2 Qg5 27. Kh1
Qg4 28. f3 Qh3 29. Rfc1 Qd7 30. Kg2 Ne7 31. h4 Qf5 32. Qe4 Qg6 33. Kh3 f5 34.
Qe2 Nxd5 35. Rd2 f4 36. g4 Ne3 37. h5 Qe6 38. c5 bxc5 39. Qa6 Rc6 40. Qxa7 d5
41. Rxc5 Rxc5 42. bxc5 Kh7 43. Qb6 Rc6 44. Qb8 d4 45. Bxd4 Qd5 46. Qb1+ Kh8 47.
Bxe3 Qxf3+ 48. Kh2 Qg3+ 49. Kh1 Qh3+ 50. Rh2 Qxe3 51. Qb5 Qe4+ 52. Kg1 Qe3+ 53.
Rf2 Qxc5 54. Qxc5 Rxc5 55. Re2 Kg8 56. Rb2 Kf7 57. Kf2 Ke6 58. Rb7 e4 59. Rxg7
Rc2+ 60. Kg1 e3 61. Rg6+ Ke5 62. Rg8 f3 0-1

[Event "PRVA LIGA CENTRALNE SRBIJE 2014"]
[Site "Kraljevo"]
[Date "2014.09.17"]
[Round "7.4"]
[White "Tasic, Vladimir"]
[Black "Ilic, Aleksandar"]
[Result "1-0"]
[WhiteElo "2256"]
[BlackElo "2114"]
[PlyCount "111"]
[EventDate "2014.09.13"]

1. f4 c5 2. Nf3 Nc6 3. g3 g6 4. Bg2 Bg7 5. O-O e6 6. d3 Nge7 7. c3 d5 8. a4 O-O
9. Qe1 Rb8 10. e4 dxe4 11. dxe4 e5 12. Qe2 a6 13. Be3 exf4 14. Bxf4 Ra8 15. Na3
Be6 16. Qf2 Qa5 17. Bd6 Qxa4 18. Qxc5 Rfe8 19. Ng5 Qb3 20. Nxe6 Qxe6 21. Nc4
Rac8 22. Nb6 Rcd8 23. Rad1 Nc8 24. Nxc8 Rxc8 25. Qb6 Be5 26. Bc5 Nd8 27. Qb4
Rb8 28. Rd5 b5 29. Qa3 f6 30. Bd6 Rb6 31. Rfd1 Nf7 32. Bxe5 Nxe5 33. Rd6 Nf7
34. Rd7 Kg7 35. Qc5 Qc6 36. Qxc6 Rxc6 37. e5 Rc5 38. Bd5 Rxd5 39. exf6+ Kxf6
40. R1xd5 Re1+ 41. Kf2 Rb1 42. Rd2 h5 43. Kg2 Ne5 44. R7d6+ Kf5 45. Rf2+ Kg5
46. Re2 Nc4 47. h4+ Kf5 48. Rd3 Kf6 49. b4 Rc1 50. Rf3+ Kg7 51. Re7+ Kg8 52.
Re6 Kg7 53. Rxa6 Rc2+ 54. Kh3 Ne5 55. Ra7+ Kg8 56. Re3 1-0

[Event "PRVA LIGA CENTRALNE SRBIJE 2014"]
[Site "Kraljevo"]
[Date "2014.09.17"]
[Round "7.5"]
[White "Milanovic, Slavisa"]
[Black "Stankovic, Milos"]
[Result "1/2-1/2"]
[WhiteElo "2418"]
[BlackElo "2415"]
[PlyCount "22"]
[EventDate "2014.09.13"]

1. c4 c5 2. Nf3 b6 3. d4 cxd4 4. Nxd4 Bb7 5. Nc3 Nf6 6. f3 e6 7. e4 d6 8. Be3
Be7 9. Be2 O-O 10. O-O a6 11. Qd2 Nbd7 1/2-1/2

[Event "PRVA LIGA CENTRALNE SRBIJE 2014"]
[Site "Kraljevo"]
[Date "2014.09.17"]
[Round "7.5"]
[White "Nestorovic, Dejan"]
[Black "Lapcevic, Milos"]
[Result "1/2-1/2"]
[WhiteElo "2425"]
[BlackElo "2377"]
[PlyCount "22"]
[EventDate "2014.09.13"]

1. d4 Nf6 2. c4 g6 3. Nc3 d5 4. cxd5 Nxd5 5. e4 Nxc3 6. bxc3 Bg7 7. Bb5+ c6 8.
Ba4 O-O 9. Ne2 c5 10. O-O Nc6 11. Be3 Qa5 1/2-1/2

[Event "PRVA LIGA CENTRALNE SRBIJE 2014"]
[Site "Kraljevo"]
[Date "2014.09.17"]
[Round "7.6"]
[White "Zlatanovic, Boroljub"]
[Black "Pancevski, Filip"]
[Result "0-1"]
[WhiteElo "2402"]
[BlackElo "2469"]
[PlyCount "84"]
[EventDate "2014.09.13"]

1. c4 e5 2. Nc3 d6 3. g3 f5 4. Bg2 Nf6 5. d3 Be7 6. e4 c6 7. Nge2 fxe4 8. Nxe4
Nxe4 9. dxe4 Be6 10. b3 a6 11. O-O O-O 12. Bb2 Nd7 13. Qc2 Rc8 14. Rad1 Qa5 15.
Bc3 Qc7 16. f4 b5 17. cxb5 axb5 18. Qb2 c5 19. fxe5 dxe5 20. Rxf8+ Rxf8 21. Rf1
Ra8 22. Nc1 c4 23. bxc4 bxc4 24. Qd2 Qc5+ 25. Kh1 Nb8 26. Ne2 Nc6 27. Rb1 Qa7
28. Rb2 Rd8 29. Qe1 Bg5 30. Ng1 Qa4 31. Bf3 h6 32. h4 Be7 33. Kg2 Bc5 34. Nh3
Nd4 35. Bd1 Qd7 36. Nf2 Rf8 37. a4 Qf7 38. Bb4 Nf3 39. Qe2 Nd4 40. Qe3 Bxb4 41.
Rxb4 c3 42. Bg4 Bxg4 0-1

[Event "PRVA LIGA CENTRALNE SRBIJE 2014"]
[Site "Kraljevo"]
[Date "2014.09.17"]
[Round "7.6"]
[White "Zajic, Milan"]
[Black "Pavlovic, Goran"]
[Result "1-0"]
[WhiteElo "2426"]
[BlackElo "2389"]
[PlyCount "57"]
[EventDate "2014.09.13"]

1. e4 c5 2. Nf3 e6 3. d4 cxd4 4. Nxd4 Nc6 5. Nc3 a6 6. Be3 Qc7 7. Qd2 b5 8.
Nxc6 Qxc6 9. f3 Bb7 10. Ne2 Nf6 11. O-O-O d5 12. e5 Nd7 13. Nd4 Qc7 14. f4 Be7
15. Bd3 O-O 16. g4 Nc5 17. Kb1 b4 18. g5 g6 19. h4 Rfc8 20. h5 Bf8 21. Rh3 Bc6
22. Rdh1 Be8 23. hxg6 fxg6 24. Qh2 h5 25. gxh6 Nxd3 26. Nxe6 Qe7 27. Nxf8 Nc5
28. h7+ Kh8 29. e6 1-0

[Event "PRVA LIGA CENTRALNE SRBIJE 2014"]
[Site "Kraljevo"]
[Date "2014.09.17"]
[Round "7.6"]
[White "Radovanovic, Nikola"]
[Black "Mladenovic, Stefan"]
[Result "1/2-1/2"]
[WhiteElo "2348"]
[BlackElo "2336"]
[PlyCount "46"]
[EventDate "2014.09.13"]

1. d4 Nf6 2. c4 e6 3. Nf3 d5 4. cxd5 exd5 5. Nc3 Bb4 6. Qb3 Bxc3+ 7. bxc3 O-O
8. Bg5 c6 9. e3 Qd6 10. Be2 Ne4 11. Bf4 Qg6 12. O-O Nd7 13. Qc2 Ng5 14. Qxg6
Nxf3+ 15. gxf3 hxg6 16. a4 Nf6 17. Rfc1 Bf5 18. Ra2 Rad8 19. Rb2 Bc8 20. Bc7
Rd7 21. Be5 Ne8 22. Bf1 Nd6 23. c4 Nxc4 1/2-1/2

[Event "PRVA LIGA CENTRALNE SRBIJE 2014"]
[Site "Kraljevo"]
[Date "2014.09.17"]
[Round "7.6"]
[White "Cvetanovic, Uros"]
[Black "Radovic, Luka"]
[Result "1-0"]
[WhiteElo "2323"]
[BlackElo "2210"]
[PlyCount "89"]
[EventDate "2014.09.13"]

1. e4 e6 2. Qe2 c5 3. g3 Nc6 4. Bg2 g6 5. c3 Bg7 6. d3 Nge7 7. h4 d5 8. Nf3 b6
9. h5 O-O 10. e5 Bb7 11. Bf4 d4 12. c4 Qc7 13. Nbd2 h6 14. hxg6 Nxg6 15. Bxh6
Bxh6 16. Rxh6 Kg7 17. Rh5 Rh8 18. Rg5 Qe7 19. O-O-O Rh6 20. Rg4 Rh5 21. Nh4
Ncxe5 22. Nxg6 Nxg6 23. Bxb7 Qxb7 24. Rxd4 Rah8 25. Re4 Qe7 26. g4 Rh3 27. Nf1
Qg5+ 28. Ne3 f5 29. Rxe6 fxg4 30. Qxg4 Qxg4 31. Nxg4 Nf4 32. Re3 Kg6 33. Kd2
Kf5 34. Rg1 Rd8 35. Rxh3 Nxh3 36. Ne3+ Ke5 37. Re1 Kd6 38. Rh1 Nf4 39. Rh4 Ke5
40. Nd5 Nxd5 41. Rh5+ Ke6 42. Rxd5 Rh8 43. a3 Rh2 44. Ke2 Rh1 45. b4 1-0

[Event "PRVA LIGA CENTRALNE SRBIJE 2014"]
[Site "Kraljevo"]
[Date "2014.09.17"]
[Round "7.6"]
[White "Radovic, Janko"]
[Black "Brankovic, Dejan"]
[Result "1/2-1/2"]
[WhiteElo "2125"]
[BlackElo "2345"]
[PlyCount "93"]
[EventDate "2014.09.13"]

1. e4 c5 2. c3 d5 3. exd5 Qxd5 4. d4 Nc6 5. Nf3 Bg4 6. Be2 cxd4 7. cxd4 e6 8.
O-O Nf6 9. Nc3 Qa5 10. Be3 Bd6 11. h3 Bh5 12. a3 O-O 13. Qb3 Ne7 14. Bd2 Qd8
15. Bg5 Nfd5 16. Nxd5 exd5 17. Qxb7 f6 18. Bc1 a5 19. Re1 Bc7 20. Qb5 Rb8 21.
Qa4 Be8 22. Qc2 Bg6 23. Bd3 Bxd3 24. Qxd3 Re8 25. Re2 Ng6 26. Be3 Qd6 27. g3 a4
28. Rae1 Qd7 29. h4 Rb3 30. Qc2 Bb8 31. Nd2 Rc8 32. Qb1 Rb6 33. Nf1 Bd6 34. Bd2
Bxa3 35. Ba5 Rb3 36. Qa2 Bf8 37. Re3 Qb5 38. Bc3 Qd7 39. Nd2 Rbb8 40. Ra1 Ra8
41. Qb1 Qg4 42. Qd1 Qxd1+ 43. Rxd1 a3 44. Ra1 axb2 45. Rxa8 Rxa8 46. Bxb2 Rb8
47. Ba3 1/2-1/2

[Event "PRVA LIGA CENTRALNE SRBIJE 2014"]
[Site "Kraljevo"]
[Date "2014.09.17"]
[Round "7.6"]
[White "Djordjevic, Vuk"]
[Black "Lazic, Dragoljub"]
[Result "1/2-1/2"]
[WhiteElo "2265"]
[BlackElo "2254"]
[PlyCount "179"]
[EventDate "2014.09.13"]

1. e4 Nf6 2. e5 Nd5 3. d4 d6 4. c4 Nb6 5. exd6 exd6 6. Bd3 Be7 7. Ne2 Nc6 8.
Nbc3 O-O 9. O-O Bf6 10. Be3 g6 11. b3 Bg7 12. Qd2 Ne7 13. Bg5 f6 14. Bh6 d5 15.
c5 Nd7 16. Bxg7 Kxg7 17. Nf4 Nb8 18. Rae1 Nbc6 19. Bb1 Rf7 20. Re2 Nf5 21. Bxf5
Bxf5 22. Rfe1 Ne7 23. Re3 c6 24. Qe2 Ng8 25. b4 Qc7 26. Qf3 Qd7 27. h3 g5 28.
Nh5+ Kh8 29. Ng3 Bg6 30. Qe2 Kg7 31. Re6 Qc7 32. Qg4 Nh6 33. Qf3 Rd8 34. R1e3
Rdd7 35. Qe2 Ng8 36. b5 Qf4 37. Qd1 Rfe7 38. bxc6 bxc6 39. Nce2 Qc7 40. Qa4
Rxe6 41. Rxe6 Ne7 42. Qa3 Kf7 43. Re3 Rd8 44. Rf3 Rb8 45. Rb3 h5 46. Nf1 Rxb3
47. axb3 Bd3 48. Qa2 Qb7 49. Nc1 Bb5 50. Ne3 Qd7 51. Qc2 Kg7 52. Qd1 Kh6 53.
Na2 Qe6 54. Nc3 a6 55. Qf3 h4 56. g3 hxg3 57. fxg3 Kg6 58. h4 Bd3 59. hxg5 fxg5
60. Kf2 Bf5 61. Ne2 Ng8 62. g4 Be4 63. Qh3 Qf6+ 64. Ke1 Kf7 65. Qg3 Ne7 66. Qf2
Qxf2+ 67. Kxf2 a5 68. Ke1 Nc8 69. Nc3 Bd3 70. Kd2 Ba6 71. Ng2 Na7 72. Ne1 Nb5
73. Ne2 Bc8 74. Nd3 Ke7 75. Ne5 Bd7 76. Kd3 Nc7 77. Ng1 Be8 78. Ke3 Ne6 79.
Ngf3 Kf6 80. Nd3 Bg6 81. Nfe5 Be8 82. Nf3 Bg6 83. Nde5 Be8 84. Kd3 Nc7 85. Kd2
Nb5 86. Kd3 Nc7 87. Ke3 Nb5 88. Kd3 Nc7 89. Ke3 Nb5 90. Kd3 1/2-1/2